| 000 | 01114cam a22002651i 4500 | ||
|---|---|---|---|
| 003 | SA-RiAUC | ||
| 005 | 20250413071545.0 | ||
| 008 | 250413q19001999le g 00010cara c | ||
| 040 |
_aSA-JeALM _bara _cSA-RiAUC _erda |
||
| 043 | _ama----- | ||
| 050 | 4 | _b.S25 | |
| 082 | 0 | 4 |
_a920.009023 _qSA-RiAUC |
| 090 |
_a920.009023 _b س خ ا |
||
| 100 | 1 |
_aالسخاوي، محمد بن عبد الرحمن بن محمد، _d831-902 هجري _eمؤلف. |
|
| 245 | 1 | 2 |
_aالضوء اللامع لأهل القرن التاسع / _cتأليف محمد بن عبد الرحمن بن محمد السخاوي. |
| 264 | 1 |
_aبيروت : _bمنشورات دار مكتبة الحياة، _c[بين 1900 و1999] |
|
| 300 |
_a6 مجلد ؛ _c25 سم |
||
| 336 |
_aنص _btxt _2rdacontent _3كتاب |
||
| 337 |
_aبدون وسيط _bn _2rdamedia |
||
| 338 |
_aمجلد _bnc _2rdacarrier |
||
| 500 | _aإهداء من فؤاد عبدالمنعم بتاريخ 1411/9/25 هـ | ||
| 651 | 7 |
_aالبلاد العربية _yقرن 9 _vتراجم _2aucsh |
|
| 942 |
_2ddc _cBOOK _n0 |
||
| 949 |
_aSA-JeALM _d250413 _umohamedma123 _n1 |
||
| 999 |
_c6955 _d6955 |
||